banner koha

Avaliação do teor de óleo essencial de Baccharis trimera (Less.) DC. em diferentes embalagens durante o armazenamento (Registro n. 299008)

MARC details
000 -LÍDER
fixed length control field 02863nab a2200301 i 4500
003 - CÓDIGO MARC DA AGÊNCIA CATALOGADORA
Campo de controle BR-BrBNA
005 - DATA E HORA DA ÚLTIMA ATUALIZAÇÃO
Campo de controle 20240401123544.0
008 - CAMPO DE TAMANHO FIXO
fixed length control field 240401b2013 bl.qr|pooa||| 00| 0 por |
040 ## - FONTE DA CATALOGAÇÃO
Agência catalogadora BR-BrBNA
Idioma da catalogação por
072 ## - CATEGORIA AGRIS
Código AGRIS J11
072 ## - CATEGORIA AGRIS
Código AGRIS F60
100 ## - ENTRADA PRINCIPAL - NOME PESSOAL
Nome pessoal Silva, F.
100 ## - ENTRADA PRINCIPAL - NOME PESSOAL
Nome pessoal Park, K.J.
100 ## - ENTRADA PRINCIPAL - NOME PESSOAL
Nome pessoal Magalhães, P.M.
100 ## - ENTRADA PRINCIPAL - NOME PESSOAL
Nome pessoal Martins, G.N.
100 ## - ENTRADA PRINCIPAL - NOME PESSOAL
Nome pessoal Gama, E.V.S.
245 ## - TÍTULO PRINCIPAL
Título principal Avaliação do teor de óleo essencial de Baccharis trimera (Less.) DC. em diferentes embalagens durante o armazenamento
500 ## - NOTA GERAL
Nota geral Publicação on-line; 34 ref.; 1 table; 1 illus.; Summaries (En, Pt)
942 ## - ADDED ENTRY ELEMENTS (KOHA)
Koha item type
520 ## - NOTA DE RESUMO
Nota de conteúdo <br/><br/>RESUMO: <br/><br/>O uso de plantas medicinais como fonte terapêutica é milenar e nos últimos anos<br/>o seu valor tem aumentado, tanto para a população quanto para a ciência. Várias empresas<br/>nacionais e internacionais empregam matéria-prima vegetal na elaboração de seus produtos, o<br/>que torna indispensável o cultivo comercial e o beneficiamento pós-colheita destas espécies. O<br/>objetivo deste trabalho foi avaliar o teor de óleo essencial de carqueja [Baccharis trimera (Less.)<br/>DC.], em três embalagens diferentes ao longo de um ano de armazenamento. Observou-se<br/>que ao longo do armazenamento, a embalagem de papel Kraft foi a que melhor preservou a<br/>integridade de certas características físicas e químicas do produto, assim como, manteve o<br/>teor de óleo ao longo de um ano de armazenamento.<br/><br/>Palavras-chave: Baccharis trimera/Armazenamento/Óleo essencial<br/>
520 ## - NOTA DE RESUMO
Nota de conteúdo <br/><br/>ABSTRACT: <br/><br/>Assessment of Baccharis trimera (Less.) DC. essential oil content in different<br/>packages during storage. The use of medicinal plants as therapeutic source is ancient and<br/>has increased in value in recent years for both the population and the science. Several national<br/>and international companies use raw plant material in the preparation of their products, making<br/>essential the commercial cultivation and the post-harvest processing of these species. The aim<br/>of this study was to evaluate the essential oil content of [Baccharis trimera (Less.) DC.] in three<br/>different packages over one year of storage. During storage, Kraft-paper package best preserved<br/>the integrity of some physical and chemical characteristics of the product and maintained the<br/>oil content for one year of storage.<br/><br/>Key words: medicinal plant, essential oil, package, storage
650 ## - ASSUNTO - THESAGRO
Cabeçalho tópico ou nome geográfico BACCHARIS
650 ## - ASSUNTO - THESAGRO
Cabeçalho tópico ou nome geográfico ARMAZENAMENTO
650 ## - ASSUNTO - THESAGRO
Cabeçalho tópico ou nome geográfico ÓLEO ESSENCIAL
773 0# - ENTRADA ANALÍTICA
Host Biblionumber 3543
Registro do item 314057
Imprenta Botucatu-SP Instituto de Biociências - Departamento de Química e Bioquímica 1998
Outro identificador 2024-0323
Título Revista Brasileira de Plantas Medicinais (Brazil)
ISSN 1516-0572
Colação v. 15(1) p. 54-58; (2013)
Número de controle de registro BR2024000419
856 ## - ACESSO E ENDEREÇO ELETRÔNICO
Identificador uniforme de recurso - URI https://www.scielo.br/j/rbpm/a/Hb7KDy9DPhC9yXyTj4SDKTB/?format=pdf&lang=pt

Nenhum exemplar disponível.

BINAGRI

Telefone: (61)3218-2567/2388/3357/2097 - binagri@agro.gov.br

Ministério da Agricultura e Pecuária , Esplanada dos Ministérios, Bloco D, Anexo B, Brasília/DF, CEP: 70.043-900